Planet's Moons - Statistics

General Stats
  • This quiz has been taken 26 times
  • The average score is 35 of 45
Answer Stats
Question Tile Select % Correct
Jupiter Europa Yes
100%
Jupiter Ganymede Yes
100%
Jupiter Phobos No
90%
Saturn The Moon No
90%
Uranus Triton No
90%
Mars Amalthea No
86%
Mars Dysnomia No
86%
Mars Hyperion No
86%
Jupiter Io Yes
86%
Jupiter Oberon No
86%
Mars Puck No
86%
Mars Tethys No
86%
Mars The Moon No
86%
Jupiter Titania No
86%
Jupiter Triton No
86%
Saturn Charon No
81%
Mars Deimos Yes
81%
Neptune Ganymede No
81%
Mars Janus No
81%
Uranus Mimas No
81%
Saturn Namaka No
81%
Mars Phobos Yes
81%
Jupiter Rhea No
81%
Saturn Titan Yes
81%
Saturn Triton No
81%
Uranus Callisto No
76%
Neptune Deimos No
76%
Neptune Enceladus No
76%
Saturn Rhea Yes
76%
Uranus Ariel Yes
71%
Neptune Naiad Yes
71%
Neptune Namaka No
71%
Uranus Titania Yes
71%
Neptune Triton Yes
71%
Saturn Iapetus Yes
67%
Uranus Miranda Yes
67%
Neptune Nereid Yes
67%
Uranus Oberon Yes
67%
Uranus Proteus No
67%
Saturn Dione Yes
62%
Neptune Larissa Yes
62%
Uranus Umbriel Yes
62%
Jupiter Amalthea Yes
48%
Neptune Proteus Yes
48%
Saturn Phoebe Yes
43%
No matching quizzes found
Score Distribution
Percent of People with Each Score
Percentile by Number Answered
Your Score History
You have not taken this quiz